MARC

LEADER 00000nam0a2200000 4500
001 221737
005 20231101230425.0
020 |a RU  |b 90-9633 
035 |a (RuTPU)RU\TPU\book\241916 
090 |a 221737 
100 |a 20120913d1989 k y0rusy5003 ca 
101 0 |a rus 
102 |a RU 
105 |a a z 001zy 
200 1 |a Скарново-магнетитовая формация Урала. Средний и Южный Урал  |f Академия наук СССР (АН СССР), Уральское отделение ; отв. ред. В. И. Смирнов , А. М. Дымкин 
210 |a Свердловск  |c Изд-во УрО АН СССР  |d 1989 
215 |a 212 с.  |c ил.  |d 25 см 
300 |a Авт. указаны в огл. 
320 |a Библиогр.: с. 207-210 (97 назв.) 
606 1 |a Магнетитовые руды  |x Месторождения  |2 stltpush  |3 (RuTPU)RU\TPU\subj\40713  |9 60553 
610 1 |a геология 
610 1 |a скарны 
610 1 |a Урал 
610 1 |a Тагильский прогиб 
610 1 |a Магнитогорский прогиб 
610 1 |a Восточно-Уральское поднятие 
610 1 |a Восточно-Уральский прогиб 
610 1 |a эндогенные процессы 
610 1 |a магматизм 
610 1 |a метасоматизм 
610 1 |a оруденение 
610 1 |a образование 
610 1 |a размещение 
610 1 |a стратиграфия 
610 1 |a поисковые критерии 
610 1 |a минеральный состав 
610 1 |a прогнозы 
675 |a 553.311  |z rus  |v 3 
702 1 |a Смирнов  |b В. И.  |g Валентин Иванович  |4 340 
702 1 |a Дымкин  |b А. М.  |4 340 
712 0 2 |a Академия наук СССР (АН СССР)  |b Уральское отделение  |2 stltpush  |3 (RuTPU)RU\TPU\col\11479 
801 0 |a RU  |b RuMRKP  |c 19950417  |g psbo 
801 1 |a RU  |b 63413507  |c 20120913 
801 2 |a RU  |b 63413507  |c 20120927  |g RCR 
942 |c BK